000 00451nam a2200157Ia 4500
003 IQ-KOUCL
041 _aArabic
082 _a298,618 cut-92 د
100 _a20260118u\\\\\\\\\\\y0engy0103\\\\ba
100 _aكمال ديب
245 0 _aهذا الجسر العتيق سقوط لبنان المسيحي 1920 - 2020
250 _aط1
260 _bدار النهار للنشر
_aبيروت - لبنان
_c2013
300 _a558
942 _cBk
999 _c187147
_d187147